00680nam a2200169 a 450000100100000000500170001000800410002704000250006824500560009326000360014930000210018550000730020670000270027904900090030695201780031599900170049300003579520200930074622.0111114s1960 ve 000 0 spa d aDO-SdBNPbspacBNPHU04aLas mujeres observadas /cVirginia Woolf...[et.al]. aCaracas :bTiempo Nuevo,c1960. a183 p. ;c19 cm. aIncluye referencias bibliográficas y notas al pie de las páginas1 aWoolf, Virginia961744 aBNPD 001050718MOaGRbGRcCTd2011-11-14iLF1l0o p35795-10r2020-06-25w2020-06-25y1zPerteneció a la biblioteca personal de Juan Isidro Jimenes Grullón.ZNo se presta c35286d35286